UM Logo

Reviews and rationales series for nursing: (Record no. 2418)

MARC details
000 -LEADER
fixed length control field 00667nam a22001817a 4500
008 - FIXED-LENGTH DATA ELEMENTS--GENERAL INFORMATION
fixed length control field 160512b xxu||||| |||| 00| 0 eng d
020 ## - INTERNATIONAL STANDARD BOOK NUMBER
International Standard Book Number 981-247-170-7
082 ## - DEWEY DECIMAL CLASSIFICATION NUMBER
Edition number 2005
Classification number DFil 610.73076
Item number H67k
100 ## - MAIN ENTRY--PERSONAL NAME
9 (RLIN) 7963
Personal name Hogan, Mary Ann.
245 ## - TITLE STATEMENT
Title Reviews and rationales series for nursing:
Remainder of title medical-surgical nursing/
Statement of responsibility, etc. Mary Ann Hogan and Tomas Madayag.
260 ## - PUBLICATION, DISTRIBUTION, ETC. (IMPRINT)
Place of publication, distribution, etc. Philippines:
Name of publisher, distributor, etc. Pearson Education South Asia PTE LTD,
Date of publication, distribution, etc. c2005.
300 ## - PHYSICAL DESCRIPTION
Extent xvii, 763 pages:
Other physical details illustrations;
Dimensions 25 cm.
500 ## - GENERAL NOTE
General note Includes index.
650 #0 - SUBJECT ADDED ENTRY--TOPICAL TERM
9 (RLIN) 7965
Topical term or geographic name as entry element Nursing
Form subdivision Reviewer.
650 #0 - SUBJECT ADDED ENTRY--TOPICAL TERM
9 (RLIN) 7966
Topical term or geographic name as entry element Medical-surgical nursing, Reviewer.
700 ## - ADDED ENTRY--PERSONAL NAME
9 (RLIN) 7964
Personal name Madayag, Tomas.
942 ## - ADDED ENTRY ELEMENTS (KOHA)
Source of classification or shelving scheme Dewey Decimal Classification
Koha item type Filipiniana
Holdings
Withdrawn status Lost status Source of classification or shelving scheme Damaged status Not for loan Collection code Home library Current library Date acquired Source of acquisition Total Checkouts Full call number Barcode Date last seen Copy number Cost, replacement price Price effective from Koha item type
    Dewey Decimal Classification     Filipiniana UM Digos College - LIC UM Digos College - LIC 02/27/2006 Purchased   DFil 610.73076 H67k 2005 18445 05/12/2016 2 495.00 05/12/2016 Filipiniana
    Dewey Decimal Classification     Filipiniana UM Digos College - LIC UM Digos College - LIC 02/27/2006 Purchased   DFil 610.73076 H67k 2005 18444 05/15/2025 1   05/31/2016 Filipiniana